Top 15 African goal scorers in Champions League - Statistics

General Stats
  • This quiz has been taken 2,106 times
  • The average score is 8 of 15
Answer Stats
Country Player Goals For which club % Correct
Ivory Coast Didier Drogba 44 Marseille, Chelsea, Galatasaray
99%
Cameroun Samuel Eto'o 30 Majorca, Barcelona, Inter Milan, Chelsea
96%
Liberia George Weah 11 PSG, AC Milan
85%
Togo Emmanuel Adebayor 11 AS Monaco, Arsenal
77%
Ivory Coast Yaya Touré 7 Manchester City
75%
Ghana Michaël Essien 11 Lyon, Chelsea
70%
Ivory Coast Salomon Kalou 8 Chelsea, Lille
48%
Morocco Marouane Chamakh 8 Bordeaux, Arsenal
38%
Ivory Coast Seydou Doumbia 10 CSKA Moscow
36%
Mali Frédéric Kanouté 6 FC Sevilla
32%
Nigeria Obafemi Martins 9 Inter Milan
28%
Ghana André Ayew 6 Marseille
27%
South Africa Benni McCarthy 9 FC Porto
26%
Senegal Mamadou Niang 6 Marseille
11%
Nigeria Victor Ikpeba 7 AS Monaco
6%
No matching quizzes found
Score Distribution
Percent of People with Each Score
Percentile by Number Answered
Your Score History
You have not taken this quiz